Normal view
MARC view
Entry Geographic Name
001 - CONTROL NUMBER
- control field: 9857
003 - CONTROL NUMBER IDENTIFIER
- control field: BD-DhEWU
005 - DATE AND TIME OF LATEST TRANSACTION
- control field: 20140526115946.0
008 - FIXED-LENGTH DATA ELEMENTS
- fixed length control field: 140526|| aca||aabn | a|a d
040 ## - CATALOGING SOURCE
- Original cataloging agency: BD-DhEWU
- Transcribing agency: BD-DhEWU
151 ## - HEADING--GEOGRAPHIC NAME
- Geographic name: India
- Form subdivision: Periodicals
- General subdivision: Business
670 ## - SOURCE DATA FOUND
- Source citation: Work cat.: (BD-DhEWU): Business World /, c2014.